Paul Celan: Poeta, superviviente, judío
Gorde:
| Egile nagusia: | |
|---|---|
| Formatua: | Liburua |
| Hizkuntza: | gaztelania |
| Argitaratua: |
Madrid
Trotta
2002
|
| Gaiak: | |
| Etiketak: |
Etiketa erantsi
Etiketarik gabe, Izan zaitez lehena erregistro honi etiketa jartzen!
|
MARC
| LEADER | 00000cam a2200000 a 4500 | ||
|---|---|---|---|
| 001 | UCG8742 | ||
| 003 | CL-VaPUC | ||
| 008 | 111229e20020000SP |||||||||||||||||spa|d | ||
| 020 | |a 8481644811 | ||
| 082 | 0 | 4 | |a A831.914 |b FEL |2 21 |
| 100 | 0 | |a Felstiner, John |e author |9 559893 | |
| 245 | 1 | 0 | |a Paul Celan: Poeta, superviviente, judío |
| 300 | |a 458 p | ||
| 942 | |c BK | ||
| 945 | |d 20111229 00:00:00 |a dcastane | ||
| 260 | |a Madrid |b Trotta |c 2002 | ||
| 650 | 7 | |a POESIAS AUSTRIACAS |2 CL-VaPUC |9 268568 | |
| 650 | 0 | |a Literatura austríaca |9 334012 | |
| 650 | 0 | |a Crítica e interpretación |9 255042 | |
| 650 | 0 | |a Biografías |9 255210 | |
| 583 | |a last modification |c 20141219 01:14:12 |k Rodrigo Vera | ||
| 999 | |c 346340 |d 346338 | ||
| 952 | |0 0 |1 0 |4 0 |6 A_831_914000000000000_FEL_2002 |7 0 |8 A |9 447003 |a BIBART |b BIBART |d 2019-11-22 |i 4815505 |o A831.914 FEL 2002 |p 4815505 |r 2025-03-13 |w 2019-11-22 |y BK |k ART | ||